|
|
|
|
| LEADER |
00809nam a2200217 a 4500 |
| 001 |
4870367 |
| 008 |
090825s1992 si a 001 0 eng d |
| 010 |
|
|
|a 92036742
|
| 020 |
|
|
|a 9810205910
|
| 040 |
|
|
|a DLC
|c DLC
|d DLC
|
| 082 |
0 |
0 |
|a 512/.7
|2 20
|
| 100 |
1 |
|
|a Hsiung, C. Y.
|
| 245 |
1 |
0 |
|a Elementary theory of numbers /
|c C.Y. Hsiung.
|
| 260 |
|
|
|a Singapore ;
|a New Jersey :
|b World Scientific,
|c c1992.
|
| 300 |
|
|
|a viii, 250 p. :
|b ill. ;
|c 23 cm.
|
| 504 |
|
|
|a Includes index.
|
| 541 |
1 |
|
|e 00014612
|
| 650 |
|
0 |
|a Number theory.
|
| 852 |
4 |
|
|a Ayesha Abed Library
|j General Shelf.
|
| 999 |
|
|
|c 3748
|d 3748
|
| 952 |
|
|
|0 0
|1 0
|2 ddc
|4 0
|6 512_700000000000000_HSI_1992
|7 0
|9 3399
|a BRACUL
|b BRACUL
|c GEN
|d 2009-09-03
|g 0.00
|l 1
|m 18
|o 512.7 HSI
|p 3010014612
|r 2022-12-11
|s 2022-07-31
|t 1
|w 2009-09-03
|y BK
|x No price found in the accession register.
|